Women in the U.S. Senate - Statistics

General Stats
  • This quiz has been taken 59 times
  • The average score is 38 of 64
Answer Stats
Year(s) Senator % Correct
2018- Cindy Hyde-Smith (R-MS)
87%
2018- Tina Smith (D-MN)
87%
2013- Elizabeth Warren (D-MA)
83%
2009- Jeanne Shaheen (D-NH)
83%
2009- Kirsten Gillibrand (D-NY)
83%
1949-1973 Margaret Chase Smith (R-ME)
83%
1993- Patty Murray (D-WA)
83%
2025- Angela Alsobrooks (D-MD)
80%
2002- Lisa Murkowski (R/I-AK)
80%
2019- Marsha Blackburn (R-TN)
80%
1997- Susan Collins (R-ME)
80%
2013- Tammy Baldwin (D-WI)
80%
2025- Elissa Slotkin (D-MI)
77%
2015- Joni Ernst (R-IA)
77%
2017-2021 Kamala Harris (D-CA)
77%
2025- Lisa Blunt Rochester (D-DE)
77%
2007- Amy Klobuchar (D-MN)
73%
2025- Ashley Moody (R-FL)
73%
1992-2023 Dianne Feinstein (D-CA)
73%
2023- Katie Britt (R-AL)
73%
2017- Tammy Duckworth (D-IL)
73%
2017- Catherine Cortez Masto (D-NV)
70%
2021- Cynthia Lummis (R-WY)
70%
2019- Jacky Rosen (D-NV)
70%
2023-2024 Laphonza Butler (D-CA)
70%
2017- Maggie Hassan (D-NH)
70%
2001- Maria Cantwell (D-WA)
70%
2013- Mazie Hirono (D-HI)
70%
2015- Shelley Moore Capito (R-WV)
70%
1993-2017 Barbara Boxer (D-CA)
67%
2001-2025 Debbie Stabenow (D-MI)
67%
2013- Deb Fischer (R-NE)
67%
2001-2009 Hillary Clinton (D-NY)
67%
2003-2009 Elizabeth Dole (R-NC)
63%
2019-2025 Kyrsten Sinema (D/I-AZ)
63%
2007-2019 Claire McCaskill (D-MO)
60%
1995-2013 Olympia Snowe (R-ME)
60%
2013-2019 Heidi Heitkamp (D-ND)
57%
2019-2020 Martha McSally (R-AZ)
57%
1987-2017 Barbara Mikulski (D-MN)
53%
2009-2015 Kay Hagan (D-NC)
53%
2020-2021 Kelly Loeffler (R-GA)
53%
1999-2011 Blanche Lincoln (D-AR)
50%
2011-2017 Kelly Ayotte (R-NH)
50%
1997-2015 Mary Landrieu (D-LA)
50%
2001-2002 Jean Carnahan (D-MO)
47%
1993-2013 Kay Bailey Hutchison (R-TX)
47%
1993-1999 Carol Moseley Braun (D-IL)
43%
1978 Muriel Humphrey (D-MN)
43%
1978-1997 Nancy Landon Kassebaum (R-KS)
40%
1931-1945 Hattie Caraway (D-AR)
37%
1978 Maryon Allen (D-AL)
37%
1981-1987 Paula Hawkins (R-FL)
37%
1922 Rebecca Felton (D-GA)
37%
1936-1937 Rose Long (D-LA)
37%
1996 Sheila Frahm (R-KS)
37%
1938-1939 Gladys Pyle (R-SD)
33%
1992 Jocelyn Burdick (D-ND)
33%
1960-1967 Maurine Neuberger (D-OR)
33%
1937-1938 Dixie Graves (D-AL)
30%
1972 Elaine Edwards (D-LA)
30%
1954 Hazel Abel (R-NE)
30%
1948 Vera Bushfield (R-SD)
30%
1954 Eva Bowring (R-NE)
27%
No matching quizzes found
Score Distribution
Percent of People with Each Score
Percentile by Number Answered
Your Score History
You have not taken this quiz